| 000 | 00434nam a22001817a 4500 | ||
|---|---|---|---|
| 003 | MPLRDC | ||
| 005 | 20220104114150.0 | ||
| 008 | 210129b ||||| |||| 00| 0 eng d | ||
| 082 | _a848.2 XLH c.2 | ||
| 100 | _a萧丽红著 | ||
| 245 |
_a千江有水千江月 _c |
||
| 250 | _a再版八刷 | ||
| 260 |
_a _b联合报社 _c1982 |
||
| 300 | _b平 | ||
| 490 | _a联合报丛书 | ||
| 650 | _a现代别集 | ||
| 942 |
_cBK _o848.2 XLH c.2 |
||
| 999 |
_c5344 _d5334 |
||